[Event "DEM U12 2012"]
[Site "Oberhof GER"]
[Date "2012.05.30"]
[Round "6"]
[White "Laubrock, Paul"]
[Black "Junk, Phillip"]
[Result "1-0"]
[Termination "normal"]
[Board "23"]
[WhiteElo "1648"]
[BlackElo "1443"]
[PlyCount "111"]
[WhiteFideId "1270509"]
[BlackFideId "12952095"]
[EventCountry "GER"]
[EventRounds "11"]
[EventType "swiss"]
[EventDate "2012.05.26"]

1. e4 e5 2. Nf3 Nc6 3. Bc4 Bc5 4. c3 Nf6 5. d3 d6 6. Nbd2 O-O 7. Bb3 Be6 8. Bc2
d5 9. exd5 Bxd5 10. O-O Re8 11. Re1 Ng4 12. Re2 Nxf2 13. Rxf2 Bxf2+ 14. Kxf2
Qf6 15. Kg1 Rad8 16. Qe2 h6 17. Ne4 Bxe4 18. dxe4 a6 19. Be3 Rd7 20. Rf1 Qd8
21. Bb3 b5 22. a3 Na5 23. Ba2 c6 24. g3 Nb7 25. Nh4 Rf8 26. Qf3 Qe7 27. Ng6 Qe8
28. Nxf8 Qxf8 29. Qg4 Qd6 30. Qf5 Nd8 31. Qf2 Qg6 32. Bb6 Nb7 33. Qf5 Qxf5 34.
Rxf5 Nd6 35. Rxe5 Kh7 36. Bd4 Kg6 37. Rc5 Nxe4 38. Bb1 Re7 39. Rxc6+ Kh7 40.
Rc8 f5 41. Bxe4 fxe4 42. Rc5 Rb7 43. Re5 a5 44. Rxe4 b4 45. cxb4 axb4 46. a4 b3
47. a5 Kg6 48. a6 Rb8 49. a7 Ra8 50. Re6+ Kf7 51. Rc6 Ke8 52. Rc7 Kd8 53. Rxg7
Rc8 54. Rg8+ Kc7 55. Rxc8+ Kb7 56. a8=Q# 1-0

[Event "DEM U12 2012"]
[Site "Oberhof GER"]
[Date "2012.05.30"]
[Round "6"]
[White "Wächter, Nathalie"]
[Black "Müller, Sophie"]
[Result "1/2-1/2"]
[Termination "normal"]
[Board "24"]
[WhiteElo "1656"]
[BlackElo "1435"]
[PlyCount "126"]
[WhiteFideId "12921033"]
[BlackFideId "12926698"]
[EventCountry "GER"]
[EventRounds "11"]
[EventType "swiss"]
[EventDate "2012.05.26"]

1. e4 e6 2. d4 d5 3. Nd2 dxe4 4. Nxe4 Nd7 5. Nf3 Ngf6 6. Bd3 Be7 7. O-O O-O 8.
Bg5 b6 9. c3 Bb7 10. Re1 Rc8 11. Qe2 Nxe4 12. Bxe7 Qxe7 13. Bxe4 Bxe4 14. Qxe4
Qf6 15. Qc6 Rfd8 16. Re3 h6 17. Rae1 Qf4 18. Re4 Qd6 19. Qa4 Nf6 20. R4e2 Qd7
21. Qc2 c5 22. Qb1 Qc7 23. h3 Nd5 24. dxc5 Qxc5 25. Nd4 Qc7 26. Re4 Nf6 27.
R4e3 Qb7 28. Rf3 Rd5 29. Rfe3 Rcd8 30. Re5 Rxe5 31. Rxe5 Rd5 32. Rxd5 Qxd5 33.
b3 Qe4 34. Qxe4 Nxe4 35. Nc6 Nxc3 36. Nxa7 Nxa2 37. Nc8 b5 38. Na7 b4 39. Nc6
Nc1 40. Na5 Kf8 41. Kf1 Ke8 42. Ke1 Kd7 43. Kd2 Na2 44. Nc4 f6 45. Nb6+ Kc7 46.
Na4 Kc6 47. Kc2 Kb5 48. Kb2 Nc3 49. Nxc3+ bxc3+ 50. Kxc3 e5 51. g4 g6 52. f3 f5
53. gxf5 gxf5 54. h4 h5 55. b4 e4 56. fxe4 fxe4 57. Kd4 e3 58. Kxe3 Kxb4 59.
Kf4 Kc5 60. Kg5 Kd6 61. Kxh5 Ke7 62. Kg6 Kf8 63. h5 Kg8 1/2-1/2

[Event "DEM U12 2012"]
[Site "Oberhof GER"]
[Date "2012.05.30"]
[Round "6"]
[White "Sanati, Charlotte"]
[Black "Piskaykin, Bogdan"]
[Result "1/2-1/2"]
[Termination "normal"]
[Board "25"]
[WhiteElo "1644"]
[BlackElo "1560"]
[PlyCount "107"]
[WhiteFideId "12907707"]
[BlackFideId "12941212"]
[EventCountry "GER"]
[EventRounds "11"]
[EventType "swiss"]
[EventDate "2012.05.26"]

1. e4 c5 2. Nf3 d6 3. Bb5+ Nd7 4. d4 cxd4 5. Qxd4 a6 6. Bxd7+ Bxd7 7. Nc3 e6 8.
Be3 Bc6 9. O-O-O Nf6 10. e5 dxe5 11. Qxd8+ Rxd8 12. Rxd8+ Kxd8 13. Nxe5 Ke8 14.
Nxc6 bxc6 15. h3 Nd5 16. Bd4 f6 17. Re1 Kf7 18. Na4 Nf4 19. g3 Nd5 20. c4 Nc7
21. Rd1 Ne8 22. Bc5 Bxc5 23. Nxc5 e5 24. Rd7+ Kg6 25. Nxa6 f5 26. Nb4 Nf6 27.
Rd6 c5 28. Nd5 Ra8 29. a3 Ra4 30. b4 cxb4 31. axb4 Ra1+ 32. Kb2 Rf1 33. Nxf6
Rxf2+ 34. Kc3 gxf6 35. c5 Rf3+ 36. Rd3 Rf1 37. Kc4 f4 38. gxf4 exf4 39. c6 f3
40. Kb5 f2 41. Rf3 Kg5 42. Kb6 Rb1 43. b5 f1=Q 44. Rxf1 Rxf1 45. c7 Rc1 46. Kb7
f5 47. c8=Q Rxc8 48. Kxc8 f4 49. b6 f3 50. b7 f2 51. b8=Q f1=Q 52. Qg3+ Kf6 53.
Qd6+ Kg5 54. Qg3+ 1/2-1/2

[Event "DEM U12 2012"]
[Site "Oberhof GER"]
[Date "2012.05.30"]
[Round "6"]
[White "Heldt, Nils-Lennart"]
[Black "Peter, Anton"]
[Result "0-1"]
[Termination "normal"]
[Board "26"]
[WhiteElo "1408"]
[BlackElo "1739"]
[PlyCount "92"]
[WhiteFideId "12952109"]
[BlackFideId "12901660"]
[EventCountry "GER"]
[EventRounds "11"]
[EventType "swiss"]
[EventDate "2012.05.26"]

1. d4 d5 2. c4 c6 3. Nc3 Nf6 4. Bf4 dxc4 5. e4 b5 6. e5 Nd5 7. Bg3 e6 8. Nxd5
cxd5 9. Nf3 Nc6 10. Bf4 Bb7 11. Be2 Be7 12. O-O Qb6 13. Rb1 a5 14. b3 c3 15.
Qd3 b4 16. Qb5 Qxb5 17. Bxb5 h6 18. Ra1 Kd7 19. Bc1 Ba6 20. Bxa6 Rxa6 21. a3
Ra7 22. a4 Bd8 23. Be3 Bb6 24. Rac1 Ne7 25. Rc2 Rc7 26. h3 Rcc8 27. Nh2 Rcf8
28. f4 Nf5 29. Bf2 Bxd4 30. Nf3 Bxf2+ 31. Kxf2 Rc8 32. g4 Ne7 33. Nd4 Nc6 34.
Nxc6 Rxc6 35. Ke3 Ke7 36. Kd4 Rcc8 37. Rf3 Rhd8 38. Rf1 f6 39. exf6+ gxf6 40.
Re1 Kd6 41. Rce2 Re8 42. Rc2 e5+ 43. fxe5+ fxe5+ 44. Kd3 Rf8 45. Re3 e4+ 46.
Kd4 Rf1 0-1

[Event "DEM U12 2012"]
[Site "Oberhof GER"]
[Date "2012.05.30"]
[Round "6"]
[White "Savchenko, Daniel"]
[Black "Edelmann, Jonas"]
[Result "1-0"]
[Termination "normal"]
[Board "27"]
[WhiteElo "1628"]
[BlackElo "1289"]
[PlyCount "47"]
[WhiteFideId "12919195"]
[EventCountry "GER"]
[EventRounds "11"]
[EventType "swiss"]
[EventDate "2012.05.26"]

1. e4 c5 2. Nf3 e6 3. d4 cxd4 4. Nxd4 a6 5. Bd3 d6 6. O-O b5 7. a4 b4 8. a5 Qc7
9. Qe2 Bb7 10. Nd2 Nf6 11. N2b3 Be7 12. Bd2 d5 13. e5 Ne4 14. f4 Nxd2 15. Qxd2
Nc6 16. Nxc6 Qxc6 17. Rae1 Bc5+ 18. Kh1 Rc8 19. f5 exf5 20. Bxf5 Rd8 21. Nxc5
Qxc5 22. e6 f6 23. e7 Rd6 24. Qd3 1-0

[Event "DEM U12 2012"]
[Site "Oberhof GER"]
[Date "2012.05.30"]
[Round "6"]
[White "Kreyssig, Bruno"]
[Black "Özkan, Afet-Ekin"]
[Result "1-0"]
[Termination "normal"]
[Board "28"]
[WhiteElo "1741"]
[BlackElo "1406"]
[PlyCount "41"]
[WhiteFideId "4692489"]
[BlackFideId "12952117"]
[EventCountry "GER"]
[EventRounds "11"]
[EventType "swiss"]
[EventDate "2012.05.26"]

1. e4 d6 2. d4 g6 3. Nc3 Bg7 4. Be3 Nf6 5. Qd2 O-O 6. f3 Na6 7. O-O-O Bd7 8.
Kb1 c6 9. h4 b5 10. Nce2 c5 11. dxc5 dxc5 12. e5 Be6 13. exf6 Bxf6 14. Nf4 Qxd2
15. Rxd2 Bc8 16. Bd3 c4 17. Be4 Bb7 18. Bxb7 Rab8 19. Bxa6 Bxh4 20. Rxh4 g5 21.
Rg4 1-0

[Event "DEM U12 2012"]
[Site "Oberhof GER"]
[Date "2012.05.30"]
[Round "6"]
[White "Sauer, Annika"]
[Black "Hoppe, Andreas"]
[Result "0-1"]
[Termination "normal"]
[Board "29"]
[WhiteElo "1501"]
[BlackElo "1743"]
[PlyCount "55"]
[WhiteFideId "12952052"]
[BlackFideId "12922811"]
[EventCountry "GER"]
[EventRounds "11"]
[EventType "swiss"]
[EventDate "2012.05.26"]

1. d4 d5 2. Nf3 Nf6 3. e3 Bf5 4. b3 e6 5. Bb2 Nbd7 6. Nbd2 c5 7. Be2 Be7 8. O-O
O-O 9. Ne5 Rb8 10. f4 h6 11. Ndf3 Qc7 12. Rc1 b5 13. Qd2 c4 14. h3 Rfc8 15. c3
Ne4 16. Qe1 Nb6 17. g4 Bh7 18. h4 f6 19. g5 fxe5 20. Nxe5 hxg5 21. fxg5 Bf5 22.
Bf3 Nd7 23. Bxe4 Bxe4 24. Qf2 Rf8 25. Nf7 Bf5 26. Nh6+ gxh6 27. gxh6 Be4 28.
Qg3+ 0-1

[Event "DEM U12 2012"]
[Site "Oberhof GER"]
[Date "2012.05.30"]
[Round "6"]
[White "Spitzl, Vinzent"]
[Black "Killgus, Leonard"]
[Result "1-0"]
[Termination "normal"]
[Board "30"]
[WhiteElo "1725"]
[BlackElo "1374"]
[PlyCount "49"]
[WhiteFideId "12901253"]
[BlackFideId "12922021"]
[EventCountry "GER"]
[EventRounds "11"]
[EventType "swiss"]
[EventDate "2012.05.26"]

1. e4 e5 2. Nf3 Nc6 3. Bb5 Bc5 4. O-O Qf6 5. c3 Nge7 6. d4 exd4 7. Bg5 Qg6 8.
Bxe7 Nxe7 9. cxd4 Bb6 10. Nc3 O-O 11. Rc1 c6 12. Bd3 d6 13. Kh1 f5 14. e5 dxe5
15. Nxe5 Qh6 16. Bc4+ Be6 17. Qb3 Rf6 18. Bxe6+ Rxe6 19. Rfe1 Nd5 20. Nxd5 cxd5
21. Qxd5 Rae8 22. Rc2 Qf6 23. Rce2 Rd8 24. Qb3 Rc8 25. Nd7 1-0

[Event "DEM U12 2012"]
[Site "Oberhof GER"]
[Date "2012.05.30"]
[Round "6"]
[White "Walker, Julia"]
[Black "Dallinger, Moritz"]
[Result "1-0"]
[Termination "normal"]
[Board "31"]
[WhiteElo "1370"]
[BlackElo "1547"]
[PlyCount "73"]
[WhiteFideId "1271852"]
[BlackFideId "12910864"]
[EventCountry "GER"]
[EventRounds "11"]
[EventType "swiss"]
[EventDate "2012.05.26"]

1. e4 c5 2. c3 Nf6 3. e5 Nd5 4. d4 cxd4 5. Nf3 e6 6. cxd4 d6 7. Nc3 Nb6 8. Be3
dxe5 9. Nxe5 Nc6 10. Bb5 Bd7 11. Nxd7 Qxd7 12. O-O Be7 13. Qg4 a6 14. Bxc6 bxc6
15. Qxg7 O-O-O 16. Qe5 Bd6 17. Qa5 Qb7 18. Bg5 Rd7 19. Ne4 Bc7 20. Nc5 Nc4 21.
Qc3 Qxb2 22. Qxb2 Nxb2 23. Nxd7 Kxd7 24. Rab1 Nc4 25. Rfc1 Nd6 26. Bf4 Nf5 27.
Be5 Rg8 28. Rb7 Nd6 29. Bxd6 Kxd6 30. Rcb1 Rg7 31. R7b3 Kd5 32. Rc1 f5 33. Rbc3
Bf4 34. Rc5+ Ke4 35. Re1+ Kxd4 36. Rxc6 e5 37. Rd1+ 1-0

[Event "DEM U12 2012"]
[Site "Oberhof GER"]
[Date "2012.05.30"]
[Round "6"]
[White "Müller, Elias"]
[Black "Fromm, Katja"]
[Result "1-0"]
[Termination "normal"]
[Board "32"]
[WhiteElo "1703"]
[BlackElo "1367"]
[PlyCount "139"]
[WhiteFideId "12917133"]
[BlackFideId "12929409"]
[EventCountry "GER"]
[EventRounds "11"]
[EventType "swiss"]
[EventDate "2012.05.26"]

1. e4 c6 2. d4 d5 3. exd5 cxd5 4. Bd3 Nf6 5. h3 Nc6 6. c3 e6 7. Nf3 Bd6 8. O-O
O-O 9. Bg5 Bd7 10. Nbd2 a6 11. Bb1 b5 12. Qc2 g6 13. Re1 Re8 14. Ne5 Be7 15.
Ndf3 Rc8 16. Bh6 Bf8 17. Qd2 Bg7 18. Qf4 Rc7 19. Bxg7 Kxg7 20. Ng5 Bc8 21.
Ngxf7 Rxf7 22. Nxc6 Qc7 23. Qxc7 Rxc7 24. Ne5 a5 25. Re3 Nd7 26. Bc2 Nxe5 27.
Rxe5 b4 28. Re3 Bd7 29. Rc1 bxc3 30. bxc3 Rec8 31. Bd1 Rc4 32. f3 Rxd4 33. Kf2
Rdc4 34. Ke1 d4 35. Rd3 e5 36. Kd2 Bb5 37. Bb3 R4c5 38. c4 a4 39. cxb5 Rxc1 40.
Bxa4 Rb1 41. Rb3 Rg1 42. Kd3 Rxg2 43. a3 Rc3+ 44. Rxc3 dxc3 45. Kxc3 Rg3 46. b6
Rxf3+ 47. Kb4 Rf8 48. Bc6 Kf6 49. a4 e4 50. a5 e3 51. Bb5 Re8 52. b7 e2 53.
Bxe2 Rxe2 54. a6 Rb2+ 55. Kc5 Rc2+ 56. Kb6 Rb2+ 57. Ka7 Kg5 58. b8=Q Rxb8 59.
Kxb8 Kh4 60. a7 Kxh3 61. a8=Q g5 62. Qh1+ Kg3 63. Qxh7 g4 64. Qh1 Kf2 65. Qh2+
Kf3 66. Qg1 g3 67. Kc7 g2 68. Kd6 Kg3 69. Kd5 Kf3 70. Kd4 1-0

[Event "DEM U12 2012"]
[Site "Oberhof GER"]
[Date "2012.05.30"]
[Round "6"]
[White "Ott, Josef Sebastian"]
[Black "Ley, Sabrina"]
[Result "1-0"]
[Termination "normal"]
[Board "33"]
[WhiteElo "1478"]
[BlackElo "1334"]
[PlyCount "103"]
[WhiteFideId "12952079"]
[BlackFideId "12938130"]
[EventCountry "GER"]
[EventRounds "11"]
[EventType "swiss"]
[EventDate "2012.05.26"]

1. e4 c5 2. Nc3 Nc6 3. f4 g6 4. Nf3 Bg7 5. Bb5 Nd4 6. Bc4 d6 7. Nxd4 cxd4 8.
Ne2 Nf6 9. d3 Qb6 10. Ng3 e6 11. Qf3 O-O 12. O-O Bd7 13. f5 e5 14. fxg6 hxg6
15. h3 Qc7 16. Bg5 Nh7 17. Be7 Bg4 18. Bxf7+ Kh8 19. Qxg4 Qxe7 20. Bxg6 Qg5 21.
Qxg5 Nxg5 22. Nf5 Rf6 23. Bh5 Rc8 24. Rac1 Ne6 25. Nxd6 Rxf1+ 26. Kxf1 Rc7 27.
g3 Bh6 28. Nf7+ Rxf7+ 29. Bxf7 Bxc1 30. Bxe6 Bxb2 31. Kg2 Bc1 32. Kf3 Kg7 33.
g4 Bf4 34. h4 Kh6 35. Bf7 Kg7 36. Be8 Kf8 37. Bh5 Kg7 38. g5 b6 39. Kg4 Bh2 40.
Be8 Bf4 41. h5 Kf8 42. Bd7 Kg7 43. Bf5 Bd2 44. h6+ Kg8 45. Kh5 Bb4 46. Be6+ Kh8
47. g6 Bf8 48. g7+ Bxg7 49. hxg7+ Kxg7 50. Kg5 a5 51. Kf5 b5 52. Kxe5 1-0

[Event "DEM U12 2012"]
[Site "Oberhof GER"]
[Date "2012.05.30"]
[Round "6"]
[White "Du, Katharina"]
[Black "Wiesner, Alexander"]
[Result "1/2-1/2"]
[Termination "normal"]
[Board "34"]
[WhiteElo "1275"]
[BlackElo "1474"]
[PlyCount "92"]
[WhiteFideId "12945757"]
[BlackFideId "12943991"]
[EventCountry "GER"]
[EventRounds "11"]
[EventType "swiss"]
[EventDate "2012.05.26"]

1. e4 e6 2. d4 d5 3. exd5 exd5 4. Bd3 Nf6 5. Nf3 Bd6 6. O-O O-O 7. Bg5 h6 8.
Bh4 b6 9. Nbd2 Nbd7 10. Re1 c5 11. dxc5 bxc5 12. c4 d4 13. Ne4 Be7 14. Bc2 Bb7
15. Bxf6 Nxf6 16. Nxf6+ Bxf6 17. Qd3 g6 18. Ne5 Bxe5 19. Rxe5 Qd6 20. Rae1 Bc6
21. Rh5 Kg7 22. Rhe5 Rfe8 23. Qg3 Rxe5 24. Rxe5 Re8 25. f4 Rxe5 26. fxe5 Qe6
27. b3 a5 28. h4 Bd7 29. Qf4 Qc6 30. Be4 Qe6 31. Bd5 Qe7 32. Qg3 g5 33. hxg5
Qxg5 34. Qf3 Qe7 35. Qe2 Bf5 36. Qe1 Qg5 37. e6 fxe6 38. Bxe6 Bxe6 39. Qxe6
Qc1+ 40. Kh2 Qf4+ 41. Kh1 Qe3 42. Qd7+ Kf8 43. Qc8+ Kf7 44. Qf5+ Kg7 45. Qxc5
Qe1+ 46. Kh2 Qh4+ 1/2-1/2

[Event "DEM U12 2012"]
[Site "Oberhof GER"]
[Date "2012.05.30"]
[Round "6"]
[White "Reimers, Kim"]
[Black "Steffens, Oliver"]
[Result "1/2-1/2"]
[Termination "normal"]
[Board "35"]
[WhiteElo "1473"]
[BlackElo "1262"]
[PlyCount "67"]
[WhiteFideId "12930377"]
[BlackFideId "12947148"]
[EventCountry "GER"]
[EventRounds "11"]
[EventType "swiss"]
[EventDate "2012.05.26"]

1. e4 c5 2. d4 cxd4 3. c3 d3 4. c4 Nc6 5. Bxd3 d6 6. Nc3 g6 7. h3 Bg7 8. Nf3
Nf6 9. Be3 O-O 10. a3 a5 11. O-O Bd7 12. Qe2 Re8 13. Na4 Nd4 14. Nxd4 Bxa4 15.
b3 Bc6 16. f3 Nd7 17. Rac1 Ne5 18. Rfd1 Nxd3 19. Qxd3 Qd7 20. Qe2 Qc7 21. Qf2
Reb8 22. Ne2 Bb2 23. Rc2 Bxa3 24. Ra1 Bb4 25. Bb6 Qxb6 26. Qxb6 Bc5+ 27. Qxc5
dxc5 28. Rd2 b6 29. Nc3 Rd8 30. Rad1 Rxd2 31. Rxd2 Kf8 32. Kf2 Ke8 33. Ke3 Rd8
34. Rxd8+ 1/2-1/2

[Event "DEM U12 2012"]
[Site "Oberhof GER"]
[Date "2012.05.30"]
[Round "6"]
[White "Simon, Tessa"]
[Black "Torgashov, Katerina"]
[Result "1-0"]
[Termination "normal"]
[Board "36"]
[WhiteElo "1438"]
[BlackElo "1222"]
[PlyCount "157"]
[WhiteFideId "12929395"]
[BlackFideId "12938173"]
[EventCountry "GER"]
[EventRounds "11"]
[EventType "swiss"]
[EventDate "2012.05.26"]

1. e4 e5 2. Nf3 Nc6 3. Bb5 a6 4. Ba4 Nf6 5. d3 b5 6. Bb3 Bc5 7. c3 d6 8. Nbd2
Bg4 9. Nf1 O-O 10. Ng3 Re8 11. h3 Bd7 12. O-O Bb6 13. Qe2 Qe7 14. Nh4 Qd8 15.
Nhf5 Bxf5 16. Nxf5 Ne7 17. Qf3 Nxf5 18. Qxf5 Qe7 19. Bg5 h6 20. Bxf6 Qxf6 21.
Qxf6 gxf6 22. Kh1 c6 23. f4 Rf8 24. Rf3 Ra7 25. fxe5 fxe5 26. Rf6 Rd7 27. Rxh6
Kg7 28. Rh5 Kg6 29. Rf5 f6 30. Raf1 Be3 31. R1f3 Bf4 32. a4 d5 33. g3 Bc1 34.
exd5 cxd5 35. Rf2 Be3 36. Rf1 Rdd8 37. axb5 axb5 38. Bd1 Kg7 39. Bg4 d4 40.
R5f3 Rb8 41. Ra1 Ra8 42. Rxa8 Rxa8 43. Rf1 Ra2 44. Rb1 Ra7 45. Bf3 Rc7 46. cxd4
Bxd4 47. Be4 Rc2 48. b3 b4 49. Bd5 Re2 50. Be4 Kh6 51. Rf1 Bf2 52. Kg2 Bd4+ 53.
Kf3 Re3+ 54. Kg4 Kg7 55. Rf3 Rxf3 56. Kxf3 Kh6 57. Kg4 Be3 58. Kf5 Kg7 59. Ke6
Bd2 60. Kf5 Be1 61. Kg4 Kh6 62. h4 Kg7 63. Kh3 Kh6 64. g4 Bf2 65. h5 Kg5 66.
Kg2 Be1 67. Kf3 Bd2 68. Bf5 Bc3 69. Ke4 Bd4 70. Kd5 Be3 71. Ke6 Bc5 72. Kf7 Bd6
73. Kg7 Be7 74. h6 Bf8+ 75. Kxf8 Kxh6 76. Kf7 Kg5 77. Ke6 Kf4 78. Kxf6 Ke3 79.
g5 1-0

[Event "DEM U12 2012"]
[Site "Oberhof GER"]
[Date "2012.05.30"]
[Round "6"]
[White "Wachsmann, Dietmar"]
[Black "Schluckner, Paul-Leopold"]
[Result "1-0"]
[Termination "normal"]
[Board "37"]
[WhiteElo "1405"]
[BlackElo "1110"]
[PlyCount "67"]
[WhiteFideId "12917168"]
[BlackFideId "12952168"]
[EventCountry "GER"]
[EventRounds "11"]
[EventType "swiss"]
[EventDate "2012.05.26"]

1. e4 e5 2. Bc4 Nf6 3. d4 Bd6 4. Bg5 h6 5. Bh4 Be7 6. dxe5 Nxe4 7. Qf3 d5 8.
Bxe7 Kxe7 9. Bd3 Ng5 10. Qg3 Re8 11. f4 Ne6 12. Nf3 Kf8 13. c3 Nc5 14. Bc2 Qd7
15. Nbd2 Qg4 16. Qxg4 Bxg4 17. h3 Bxf3 18. Nxf3 Nc6 19. O-O-O Rad8 20. Nd4 Nxd4
21. cxd4 Ne4 22. Rhe1 f5 23. Bb3 c6 24. Rf1 Re6 25. Rde1 Rg6 26. Rg1 Rg3 27.
Ref1 Rg6 28. g4 fxg4 29. f5 Rg5 30. h4 Rh5 31. Rxg4 Rd7 32. e6 Re7 33. Bd1 Ke8
34. Rxe4 1-0

[Event "DEM U12 2012"]
[Site "Oberhof GER"]
[Date "2012.05.30"]
[Round "6"]
[White "Denkert, Anna"]
[Black "Lai Hop, Long"]
[Result "1-0"]
[Termination "normal"]
[Board "38"]
[WhiteElo "1519"]
[BlackElo "1331"]
[PlyCount "57"]
[WhiteFideId "12938122"]
[BlackFideId "12942707"]
[EventCountry "GER"]
[EventRounds "11"]
[EventType "swiss"]
[EventDate "2012.05.26"]

1. e4 c5 2. Nc3 d6 3. f4 Nc6 4. Nf3 g6 5. g3 Bg7 6. Bg2 e6 7. O-O Nge7 8. d3
O-O 9. h3 a6 10. Qe1 b5 11. a3 Bb7 12. g4 Qc7 13. Ng5 h6 14. Nf3 Rfd8 15. Qg3
d5 16. Ne2 dxe4 17. dxe4 Nd4 18. Nfxd4 Bxd4+ 19. Kh1 Bg7 20. f5 Qxg3 21. Nxg3
exf5 22. exf5 Bxg2+ 23. Kxg2 gxf5 24. gxf5 Bf8 25. Nh5 Nd5 26. Kf3 Rac8 27.
Rg1+ Kh7 28. Bf4 Nxf4 29. Nf6+ 1-0

[Event "DEM U12 2012"]
[Site "Oberhof GER"]
[Date "2012.05.30"]
[Round "6"]
[White "Kolchugina, Lada"]
[Black "Wallat, Jessica"]
[Result "1/2-1/2"]
[Termination "normal"]
[Board "39"]
[WhiteElo "1074"]
[BlackElo "1596"]
[PlyCount "108"]
[WhiteFideId "12929743"]
[BlackFideId "12909637"]
[EventCountry "GER"]
[EventRounds "11"]
[EventType "swiss"]
[EventDate "2012.05.26"]

1. e4 e5 2. Nf3 Nc6 3. Nc3 Nf6 4. Bb5 Bb4 5. O-O O-O 6. d3 d6 7. a3 Bxc3 8.
bxc3 h6 9. h3 Ne7 10. d4 Nxe4 11. Qd3 Nf6 12. dxe5 dxe5 13. Nxe5 Bf5 14. Qg3
Ng6 15. Nxg6 Bxg6 16. Bc4 Kh7 17. Rb1 Rb8 18. Be3 Bxc2 19. Rb2 Bg6 20. Bxa7 Ra8
21. Rxb7 Ne4 22. Qxc7 Qxc7 23. Rxc7 Nxc3 24. Rc1 Ne4 25. Bd5 Rae8 26. f3 Ng3
27. Kh2 Nf5 28. Bc5 Rg8 29. Bxf7 Bxf7 30. Rxf7 Nh4 31. Kg3 Ng6 32. a4 Ra8 33.
Ra1 Ra5 34. Bb6 Rg5+ 35. Kf2 Ra8 36. Bd4 Rg8 37. a5 Nh4 38. g4 Rd5 39. Ke3 Ng6
40. a6 Re8+ 41. Kd3 Ne5+ 42. Ke4 Rxd4+ 43. Kxd4 Nxf7 44. a7 Ra8 45. Kc5 Nd8 46.
Kb6 Kg6 47. Kc7 Kf7 48. Rb1 Ke7 49. Re1+ Kf7 50. Kd7 g6 51. Rb1 Ne6 52. Ra1 Nd8
53. Rb1 Ne6 54. Ra1 g5 1/2-1/2

[Event "DEM U12 2012"]
[Site "Oberhof GER"]
[Date "2012.05.30"]
[Round "6"]
[White "Moses, Selina"]
[Black "Peters, Theresa"]
[Result "1-0"]
[Termination "normal"]
[Board "40"]
[WhiteElo "1677"]
[BlackElo "1070"]
[PlyCount "39"]
[WhiteFideId "12908070"]
[BlackFideId "12952192"]
[EventCountry "GER"]
[EventRounds "11"]
[EventType "swiss"]
[EventDate "2012.05.26"]

1. e4 c6 2. d4 d5 3. exd5 cxd5 4. Bd3 Nf6 5. h3 Nbd7 6. Nf3 e6 7. O-O Bd6 8.
Re1 O-O 9. Nbd2 Qc7 10. Qe2 Re8 11. Ne5 Nb6 12. f4 Nfd7 13. Bxh7+ Kf8 14. Bd3
Nxe5 15. fxe5 Be7 16. Rf1 Kg8 17. Qh5 g6 18. Bxg6 fxg6 19. Qxg6+ Kh8 20. Rf7
1-0

[Event "DEM U12 2012"]
[Site "Oberhof GER"]
[Date "2012.05.30"]
[Round "6"]
[White "Nguyen, Ha Thanh"]
[Black "Shevelko, Alexander"]
[Result "0-1"]
[Termination "normal"]
[Board "41"]
[WhiteElo "1199"]
[BlackElo "1373"]
[PlyCount "122"]
[WhiteFideId "12942154"]
[BlackFideId "12952125"]
[EventCountry "GER"]
[EventRounds "11"]
[EventType "swiss"]
[EventDate "2012.05.26"]

1. e4 c6 2. d4 d5 3. Nc3 dxe4 4. Nxe4 Bf5 5. Nc3 e6 6. Nf3 h6 7. Be3 Nd7 8. Be2
Ngf6 9. O-O Bd6 10. h3 Nd5 11. Bd2 Qc7 12. Re1 O-O-O 13. Bc4 Nxc3 14. bxc3 g5
15. Rb1 Rdg8 16. Kf1 Be7 17. Bd3 Bxd3+ 18. cxd3 g4 19. hxg4 Rxg4 20. Ne5 Nxe5
21. dxe5 Rhg8 22. g3 h5 23. Bf4 h4 24. Ke2 hxg3 25. fxg3 Bg5 26. Kd2 Bxf4+ 27.
gxf4 Rxf4 28. d4 Rf2+ 29. Re2 Rgg2 30. Rxf2 Rxf2+ 31. Kd3 Rxa2 32. Qh5 b6 33.
Qh8+ Qd8 34. Qh1 Kc7 35. Ra1 Rxa1 36. Qxa1 Kb7 37. Qh1 Qd5 38. Qxd5 cxd5 39.
Kc2 b5 40. Kb3 a5 41. Ka3 Kc6 42. Kb3 Kd7 43. Kc2 Ke7 44. Kd3 f6 45. exf6+ Kxf6
46. Kc2 e5 47. dxe5+ Kxe5 48. Kd3 a4 49. Kc2 d4 50. cxd4+ Kxd4 51. Kb2 b4 52.
Kc2 Kc4 53. Kd2 Kb3 54. Kd3 Ka2 55. Kc4 b3 56. Kb4 b2 57. Kxa4 b1=Q 58. Ka5 Qb7
59. Ka4 Kb2 60. Ka5 Kc3 61. Ka4 Qb4# 0-1

[Event "DEM U12 2012"]
[Site "Oberhof GER"]
[Date "2012.05.30"]
[Round "6"]
[White "Usczeck, Alina"]
[Black "Christiansen, Anna"]
[Result "1-0"]
[Termination "normal"]
[Board "43"]
[WhiteElo "1255"]
[BlackElo "924"]
[PlyCount "71"]
[WhiteFideId "12938114"]
[BlackFideId "12952230"]
[EventCountry "GER"]
[EventRounds "11"]
[EventType "swiss"]
[EventDate "2012.05.26"]

1. d4 d5 2. Nf3 Nf6 3. e3 Bf5 4. b3 e6 5. Bb2 Nc6 6. a3 Bd6 7. Nbd2 Qe7 8. Ne5
O-O 9. Bd3 Bxd3 10. cxd3 Nd7 11. Nxd7 Qxd7 12. f4 f6 13. O-O e5 14. Qf3 Ne7 15.
Qh5 Qf5 16. Qxf5 Nxf5 17. fxe5 Nxe3 18. Rf3 Nc2 19. Rc1 Nxd4 20. Bxd4 fxe5 21.
Bc5 Rxf3 22. Nxf3 e4 23. Bxd6 exf3 24. Rxc7 Rb8 25. gxf3 b6 26. Kf2 a6 27.
Rxg7+ Kxg7 28. Bxb8 Kf6 29. Ke3 Kf5 30. Kd4 Ke6 31. f4 h6 32. Be5 h5 33. Bb8 h4
34. Be5 h3 35. Bb8 Kd7 36. Kxd5 1-0

[Event "DEM U12 2012"]
[Site "Oberhof GER"]
[Date "2012.05.30"]
[Round "6"]
[White "Schröder, Janina"]
[Black "Schulz, Theresa Charlotte"]
[Result "1-0"]
[Termination "normal"]
[Board "44"]
[WhiteElo "1353"]
[BlackElo "1011"]
[PlyCount "75"]
[WhiteFideId "24693138"]
[BlackFideId "12952206"]
[EventCountry "GER"]
[EventRounds "11"]
[EventType "swiss"]
[EventDate "2012.05.26"]

1. e4 e5 2. Nf3 Nc6 3. Bb5 Bc5 4. c3 Nf6 5. d4 exd4 6. cxd4 Bb4+ 7. Bd2 Nxe4 8.
d5 Bxd2+ 9. Nbxd2 Nxd2 10. Qxd2 Qe7+ 11. Kf1 Ne5 12. Nxe5 Qxe5 13. Re1 Qxe1+
14. Qxe1+ Kd8 15. Qc3 c6 16. Qxg7 Re8 17. Qf6+ Kc7 18. d6+ Kb6 19. Be2 Re6 20.
Qd4+ c5 21. Qd5 Rg6 22. a4 a5 23. Bf3 Rf6 24. Ke2 Rf4 25. b3 Rd4 26. Qe5 Rb4
27. Rc1 Ka6 28. Qxc5 Rb8 29. Kf1 b6 30. Be2+ Ka7 31. Qc7+ Bb7 32. Qxd7 Rxb3 33.
Qxf7 Rd8 34. Bf3 Rb8 35. Qxb3 Ba6+ 36. Kg1 Rd8 37. Qf7+ Kb8 38. Qc7# 1-0

[Event "DEM U12 2012"]
[Site "Oberhof GER"]
[Date "2012.05.30"]
[Round "6"]
[White "ter Stal, Esther"]
[Black "Gericke, Nicholas"]
[Result "0-1"]
[Termination "normal"]
[Board "45"]
[WhiteElo "984"]
[BlackElo "1188"]
[PlyCount "98"]
[WhiteFideId "12944467"]
[BlackFideId "12952141"]
[EventCountry "GER"]
[EventRounds "11"]
[EventType "swiss"]
[EventDate "2012.05.26"]

1. d4 Nf6 2. Nf3 g6 3. c4 Bg7 4. Nc3 d6 5. e4 Bg4 6. Be2 Nc6 7. d5 Bxf3 8. Bxf3
Ne5 9. Be2 O-O 10. Be3 c5 11. a3 e6 12. O-O Rc8 13. Rc1 b6 14. b4 cxb4 15. axb4
Nxc4 16. Bxc4 Rxc4 17. Nb5 Rxc1 18. Qxc1 Nxe4 19. dxe6 fxe6 20. Nxa7 Qb8 21.
Nc6 Qc7 22. b5 Rf5 23. Qc4 d5 24. Qb4 Kf7 25. Qa3 Nd6 26. Qa4 e5 27. f3 d4 28.
Bf2 Ke6 29. Re1 d3 30. Nd4+ Kf6 31. Nxf5 gxf5 32. Rd1 Qc3 33. Be1 Qc5+ 34. Kf1
Qe3 35. Qh4+ Ke6 36. Qf2 Nc4 37. Bd2 Nxd2+ 38. Qxd2 Qxd2 39. Rxd2 e4 40. f4 Bh6
41. g3 Kd5 42. Kf2 Kd4 43. Ra2 e3+ 44. Ke1 e2 45. Rd2 Ke3 46. Ra2 Bg7 47. Ra3
Bb2 48. Rb3 Bc1 49. Rc3 Bd2# 0-1